The year's best science fiction : (Record no. 264)

MARC details
000 -LEADER
fixed length control field 03641cam a22004935i 4500
005 - DATE AND TIME OF LATEST TRANSACTION
control field 20260322212013.0
008 - FIXED-LENGTH DATA ELEMENTS--GENERAL INFORMATION
fixed length control field data
010 ## - LIBRARY OF CONGRESS CONTROL NUMBER
LC control number 2014008569
016 7# - NATIONAL BIBLIOGRAPHIC AGENCY CONTROL NUMBER
Record control number 016733173
Source Uk
020 ## - INTERNATIONAL STANDARD BOOK NUMBER
International Standard Book Number 9781250046208
Qualifying information (hbk.)
020 ## - INTERNATIONAL STANDARD BOOK NUMBER
International Standard Book Number 1250046203
Qualifying information (hbk.)
020 ## - INTERNATIONAL STANDARD BOOK NUMBER
International Standard Book Number 9781250046215
Qualifying information (pbk.)
020 ## - INTERNATIONAL STANDARD BOOK NUMBER
International Standard Book Number 1250046211
Qualifying information (pbk.)
040 ## - CATALOGING SOURCE
Original cataloging agency DLC
Language of cataloging eng
Transcribing agency DLC
Description conventions rda
Modifying agency DLC
-- BTCTA
-- BDX
-- YDXCP
-- OCLCO
-- UKMGB
-- CD5
-- OCLCO
-- OCLCF
-- CLE
-- OCLCQ
-- DLC
042 ## - AUTHENTICATION CODE
Authentication code lccopycat
082 04 - DEWEY DECIMAL CLASSIFICATION NUMBER
Classification number 808.83/8762
Edition information 23
084 ## - OTHER CLASSIFICATION NUMBER
Classification number FIC003000
-- FIC003000
Number source bisacsh
092 ## - LOCALLY ASSIGNED DEWEY CALL NUMBER (OCLC)
Classification number 808.83 Yea 2014
001 - CONTROL NUMBER
control field data
245 04 - TITLE STATEMENT
Title The year's best science fiction :
Remainder of title thirty-first annual collection /
Statement of responsibility, etc. edited by Gardner R. Dozois.
246 30 - VARYING FORM OF TITLE
Title proper/short title Science fiction :
Remainder of title thirty-first annual collection
250 ## - EDITION STATEMENT
Edition statement First edition.
264 #1 - PRODUCTION, PUBLICATION, DISTRIBUTION, MANUFACTURE, AND COPYRIGHT NOTICE
Place of production, publication, distribution, manufacture New York :
Name of producer, publisher, distributor, manufacturer St. Martin's Griffin,
Date of production, publication, distribution, manufacture, or copyright notice 2014.
300 ## - PHYSICAL DESCRIPTION
Extent xliii, 705 pages ;
Dimensions 25 cm
336 ## - CONTENT TYPE
Content type term text
Content type code txt
Source rdacontent
337 ## - MEDIA TYPE
Media type term unmediated
Media type code n
Source rdamedia
338 ## - CARRIER TYPE
Carrier type term volume
Carrier type code nc
Source rdacarrier
505 0# - FORMATTED CONTENTS NOTE
Formatted contents note The discovered country / Ian R. MacLeod -- The book seller / Lavie Tidhar -- Pathways / Nancy Kress -- A heap of broken images / Sunny Moraine -- Rock of ages / Jay Lake -- Rosary and goldenstar / Geoff Ryman -- Gray wings / Karl Bunker -- The best we can / Carrie Vaughn -- Transitional forms / Paul J. McAuley --Precious mental / Robert Reed -- Martian blood / Allen M. Steele-- Zero for conduct / Greg Egan -- The waiting stars / Aliette de Bodard -- A map of mercury / Alastair Reynolds.
505 8# - FORMATTED CONTENTS NOTE
Formatted contents note One / Nancy Kress -- Murder on the Aldrin Express / Martin L. Shoemaker -- Biographical fragments of the life of Julian Prince / Jake Kerr -- The plague / Ken Liu -- Fleet / Sandra McDonald --The she-wolf's hidden grin / Michael Swanwick -- Bad day on Boscobel / Alexander Jablokov -- The Irish astronaut / Val Nolan-- The other gun / Neal Asher -- Only human / Lavie Tidhar --Entangled / Ian R. MacLeod -- Earth / Stephen Baxter --Technarion / Sean McMullen -- Finders / Melissa Scott -- The Queen of Night's aria / Ian McDonald -- Hard stars / Brenda DuBois -- The promise of space / James Patrick Kelly -- Quicken / Damien Broderick.
520 ## - SUMMARY, ETC.
Summary, etc. "In the new millennium, what secrets lay beyond the far reaches of the universe? What mysteries belie the truths we once held to be self evident? The world of science fiction has long been a porthole into the realities of tomorrow, blurring the line between life and art. Now, in The Year's Best Science Fiction: Thirty-First Annual Collection the very best SF authors explore ideas of a new world in the year's best short stories"--
Assigning source Provided by publisher.
650 #0 - SUBJECT ADDED ENTRY--TOPICAL TERM
Topical term or geographic name entry element Science fiction.
650 #0 - SUBJECT ADDED ENTRY--TOPICAL TERM
Topical term or geographic name entry element Short stories.
650 #7 - SUBJECT ADDED ENTRY--TOPICAL TERM
Topical term or geographic name entry element FICTION
General subdivision Short Stories.
-- Short Stories.
Source of heading or term bisacsh
650 #7 - SUBJECT ADDED ENTRY--TOPICAL TERM
Topical term or geographic name entry element FICTION
General subdivision Anthologies (multiple authors)
Source of heading or term bisacsh
650 #7 - SUBJECT ADDED ENTRY--TOPICAL TERM
Topical term or geographic name entry element Science fiction.
Source of heading or term fast
Authority record control number or standard number (OCoLC)fst01108566
700 1# - ADDED ENTRY--PERSONAL NAME
Personal name Dozois, Gardner R.,
Relator term editor.
856 41 - ELECTRONIC LOCATION AND ACCESS
Materials specified Table of contents only
Uniform Resource Identifier <a href="http://www.loc.gov/catdir/enhancements/fy1506/2014008569-t.html">http://www.loc.gov/catdir/enhancements/fy1506/2014008569-t.html</a>
856 41 - ELECTRONIC LOCATION AND ACCESS
Materials specified Sample text
Uniform Resource Identifier <a href="http://www.loc.gov/catdir/enhancements/fy1506/2014008569-s.html">http://www.loc.gov/catdir/enhancements/fy1506/2014008569-s.html</a>
856 42 - ELECTRONIC LOCATION AND ACCESS
Materials specified Contributor biographical information
Uniform Resource Identifier <a href="http://www.loc.gov/catdir/enhancements/fy1506/2014008569-b.html">http://www.loc.gov/catdir/enhancements/fy1506/2014008569-b.html</a>
856 42 - ELECTRONIC LOCATION AND ACCESS
Materials specified Publisher description
Uniform Resource Identifier <a href="http://www.loc.gov/catdir/enhancements/fy1506/2014008569-d.html">http://www.loc.gov/catdir/enhancements/fy1506/2014008569-d.html</a>
906 ## - LOCAL DATA ELEMENT F, LDF (RLIN)
a 0
b ibc
c copycat
d 2
e epcn
f 20
g y-gencatlg
925 0# -
-- acquire
-- 1 shelf copy
-- policy default
Holdings
Withdrawn status Lost status Damaged status Not for loan Home library Current library Shelving location Date acquired Total checkouts Full call number Barcode Date last seen Price effective from Koha item type
        Franklin Franklin General stacks 22/03/2026   808.83/8762 23 BC0010273 22/03/2026 22/03/2026 Books